header

Bottle Creek (Record no. 37747)

MARC details
000 -LEADER
fixed length control field 01626nam a2200373 a 4500
082 04 - DEWEY DECIMAL CLASSIFICATION NUMBER
Classification number 976.1/21
245 00 - TITLE STATEMENT
Title Bottle Creek
260 ## - PUBLICATION, DISTRIBUTION, ETC. (IMPRINT)
Place of publication Tuscaloosa :
Name of publisher University of Alabama Press,
Year of publication c2003.
300 ## - PHYSICAL DESCRIPTION
Number of Pages xxix, 277 p. :
Other physical details ill., maps.
500 ## - GENERAL NOTE
General note "A Dan Josselyn memorial publication."
650 #0 - SUBJECT ADDED ENTRY--TOPICAL TERM
Topical Term Mississippian culture
Topical Term Mississippian pottery
Topical Term Excavations (Archaeology)
700 1# - ADDED ENTRY--PERSONAL NAME
Personal name Brown, Ian W.
Personal name Drooker, Penelope B.
856 40 - ELECTRONIC LOCATION AND ACCESS
Uniform Resource Identifier http://site.ebrary.com/lib/rucke/Doc?id=10237147

No items available.

© 2026 Rongo University
Contact us: librarian | system librarian | Rongo university